Salatut elämät - hahmojen näyttelijät - Statistics

Yleistilastot
  • Tätä visaa on pelattu 327 kertaa
  • Keskiarvotulos 47 / 95
Vastaustilastot
Hint Vastaus % Oikein
Esko Kovero Ismo Laitela
95%
Jarmo Koski Seppo Taalasmaa
84%
Maija-Liisa Peuhu Ulla Taalasmaa
79%
Sami Uotila Aki Nikkinen
78%
Pete Lattu Kalle Laitela
74%
Sara Parikka Peppi Puolakka
74%
Jasper Pääkkönen Saku Salin
73%
Teemu Lehtilä Aaro Vaalanne
72%
Tiia Elg Eva Tamminen
72%
Jasmin Voutilainen Aino Kaukovaara
71%
Johanna Puhakka Alissa Nikkinen
71%
Tommi Taurula Kari Taalasmaa
71%
Kerttu Rissanen Sanni Pohjonen
71%
Mikko Parikka Jiri Viitamäki
70%
Mia Ehnrooth Cindy Rintala
69%
Vivi Wahlström Viola Angervuo
69%
Timo Jurkka Lasse Sievinen
68%
Markku Pulli Joonatan Sievinen
67%
Petteri Paavola Elias Vikstedt
66%
Olga Heikkala Mira Angervuo
66%
Emil Halberg Tale Taalasmaa
66%
Anu Palevaara Jenni Vainio
65%
Hanna Kinnunen Salla Taalasmaa
65%
Tero Tiittanen Sergei Kuula
65%
Hemmo Karja Janne Haukkala
64%
Oona Kare Marianna Kurki
64%
Raimo Grönberg Gunnar Mustavaara
63%
Monika Lindeman Linda Eerikäinen
63%
Konsta Hietanen Miki Kajander
63%
Janne Saarinen Anton Helenius
62%
Venla Savikuja Heidi Aaltonen
62%
Venla Saartamo Miia Laitela
62%
Nora Rinne Camilla Mustavaara
61%
Emma Nopanen Nella Tamminen 2
59%
Maarit Poussa Jutta Korhonen
58%
Jasmin Hamid Katariina Mäkelä 1
58%
Jaana Saarinen Maarit Salin
58%
Sampsa Tuomala Sampo Kaukovaara
58%
Axel Milliam Kristian Harju
56%
Tuomas Kytömäki Aleksi Salin
55%
Piitu Uski Laura Kiviranta
55%
Inna Tähkänen Elina Taalasmaa 2
54%
Anneli Ranta Helena Kuula
54%
Ronny Roslöf Lari Väänänen
54%
Kirsi Ståhlberg Isabella Holm
53%
Jarkko Miettinen Noel Axelsson
53%
Lenita Susi Daniela Honkanen
51%
Ronja Alatalo Hanne Laitela
51%
Inkeri Mertanen Dahlia Mustavaara
50%
Irina Vartia Monica Mustavaara
50%
Roope Puhakka Severi Sievinen 2
50%
Tarja Omenainen Hanna Salin
49%
Tuure Taskinen Henrik Ekholm
49%
Sami Sarjula Ossi Puolakka
49%
Tuuli Mattila Susu Honkanen
49%
Kristo Salminen Toni Veijalainen
49%
Rufus Rusanen Severi Sievinen 1
48%
Emmi Parviainen Annika Sievinen
47%
Rosa Rusanen Iida Mustonen 1
47%
Jouko Keskinen Jukka Salin
46%
Anu Koskinen Katja Vainio
46%
Jarkko Nyman Sebastian Vuorela
46%
Elmeri Ylä-Rautio Matias Kajander
44%
Pablo Ounaskari Ressu Mattila
44%
Pinja Kanon Iida Mustonen 2
43%
Johanna Anttila Joanna Lumijoki
42%
Jenni Banerjee Katariina Mäkelä 2
40%
Andrei Sandberg Markus Ekholm
39%
Jonna Keskinen Silja Salin
39%
Sanna Lius Elina Taalasmaa 1
35%
Sonja Kasurinen Nella Tamminen 1
35%
Sofia Arasola Lola Vinberg
34%
Leevi Rapeli Magnus Mustavaara 2
34%
Sofia Lehtinen Laila Kajander
33%
Johanna Nurmimaa Paula Sievinen
33%
Sara Lohiniva Oona Kiviranta
32%
Ruupertti Arponen Ilja Taalasmaa
31%
Sienna Nord Nadja Tamminen
31%
Oliver Lehto Oliver Vuorela
31%
Miikka Wallin Pietari Haukkala
31%
Johanna Raunio Tanja Jääskeläinen
29%
Anna Rimpelä Tiina Rajala
28%
Sannamaija Pekkarinen Heli Sievinen
27%
Aarni Kivinen Panu Kaukovaara
26%
Eero Tommila Sauli Kiviranta
23%
Jutta Lehtinen Katri Sievinen
22%
Tuija Vuolle Vuokko Hänninen
21%
Ukko Siren Magnus Mustavaara 1
18%
Tiia Haverinen Sofia Salin
18%
Daniela Hoffström Taiga Kuula
18%
Miia Räikkönen-Jatkola Raakel Kurki
17%
Oliver Hatava Toivo Taalasmaa
17%
Roope Malkki Tukku Taalasmaa
16%
Maria Nieminen Kristiina Pohjonen
15%
Nora Rinne Tuula Rautio
5%
Ehtoja vastaavia visoja ei löytynyt
Tulosjakauma
Jokaisen tuloksen saaneiden osuus
Persentiili vastausten määrän mukaan
Tuloshistoriasi
Et ole pelannut tätä visaa